| 000 | 02076nam2a2200325 4500 | ||
|---|---|---|---|
| 001 | RU\NLR\BIBL_A\012042292 | ||
| 005 | 20250626173740.0 | ||
| 010 |
_91000 _dБеспл. |
||
| 021 |
_aRU _b58-64618 |
||
| 035 | _a(NLR Aleph) 012042292 | ||
| 090 |
_a11608898 _c11608898 |
||
| 100 | _a20190624d1958 |||y0rusy50 ca | ||
| 101 | 0 |
_arus _afre |
|
| 102 | _aRU | ||
| 105 | _ay j 000zy | ||
| 200 | 1 |
_aГлагол _fО.С. Заботкина, П.И. Заславская, Е.В. Успенская |
|
| 210 |
_d1958 _aБ. м. |
||
| 215 |
_a43 с. _d20 |
||
| 461 | 0 |
_1001RU\NLR\BIBL_A\012042294 _12001#$aГрамматика французского языка$fЛенинградский ордена Ленина государственный университет им. А.А. Жданова, Отд. заочного обучения, Кафедра французского языка$vВып. 1 _911608906 _cЛенинград _d1958-1961 _fЛенинградский ордена Ленина государственный университет им. А.А. Жданова, Отд. заочного обучения, Кафедра французского языка _nИздательство Ленинградского университета _p6 т. _tГрамматика французского языка _vВып. 1 |
|
| 606 | 1 |
_aФранцузский язык _jУчебные издания для заочного обучения _xГлагол _91877735 _3RU\NLR\AUTH\661143635 |
|
| 686 | 1 | _aШ147.11-93рус3-212.6 | |
| 700 | 1 |
_aЗаботкина _bО. С. _gОльга Сергеевна |
|
| 701 | 1 |
_aЗаславская _bП. И. _gПолина Иосифовна |
|
| 701 | 1 |
_7ca _8rus _aУспенская _bЕ. В. _cлингвист, франц. язык _f1918-1982 _gЕлена Васильевна _9217517 _3RU\NLR\AUTH\770217573 |
|
| 852 |
_aNLR _j58-4/17525 |
||
| 942 | _cBOOK | ||
| 980 | _aNB | ||